000
00392nam a2200157Ia 4500
008
090124s9999 xx 000 0 und d
082
_b
127920
245
_a
भुवनशोम
250
_a
1
260
_c
1997
300
_a
96
630
_a
भुवनशोम
700
_a
महाम्बरे अरुंधती
730
_a
भुवनशोम
942
_c
BOOK
999
_c
174009
_d
174009